| 000 | 01321nam a2200253Ia 4500 | ||
|---|---|---|---|
| 999 |
_c4889 _d4889 |
||
| 003 | OSt | ||
| 005 | 20200429124622.0 | ||
| 008 | 191128s2008 cl ad gr 000 0dspa d | ||
| 020 | _a9789562890656 | ||
| 040 |
_aCO-JMCR _cCO-JMCR |
||
| 041 | 0 | _aspa | |
| 082 | 0 | 4 |
_a304.82 / _bM33 |
| 100 | 1 |
_aSolimano, Andrés, _eCoordiador _92947 |
|
| 245 | 1 | 0 |
_aMigraciones internacionales en américa latina: Booms, crisis y desarrollo : _bBooms, crisis y Desarrollo / _cAndrés Solimano |
| 260 |
_aSantiago de Chile : _bFondo de Cultura Económica, _c2008 |
||
| 300 |
_a462 páginas : _bgráficas en blanco y negro ; _c23 cm. |
||
| 490 | 0 | _aSección de Obras de Economía | |
| 504 | _aBibliografía: páginas 444-448. | ||
| 505 | _aMigraciones internacionales, remesas y el desarrollo económico -- Migración y desarrollo: El caso de Argentina / Roxana Maurizio -- Migraciones internacionales en un contexto de crecimiento económico | ||
| 520 | _aMigraciones Internacionales en América Latina. Booms, crisis y desarrollo es el resultado de un riguroso análisis que logra colocar al trasluz uno de los fenómenos más complejos de las últimas décadas en el continente latinoamericano | ||
| 650 | 1 | 4 |
_aMigraciones internacionales _93650 |
| 650 | 1 | 4 |
_aCrisis y desarrollo Migración y desarrollo _93651 |
| 942 |
_2ddc _cBK |
||